1695 1858 1494 1756 1256 1767 1513 1318 1354 1144 1184 1185 1692 1257 1215 1253 1760 1400 1002 1762 1604 1216 1086 1088 1202 1274 1642 1991 1846 1712 1659 1971 1076 1673 1526 1337 1964 1247 1088 1491 1569 1678 1223 1544 1916 1130 1221 1994 1470 1377 1102 1125 1267 1116 1708 1648 1371 1487 1994 1665 1287 1483 1895 1807 1144 1360 1897 1313 1858 1521 1035 1843 1494 1002 1361 1396 1461 1156 1356 1720 1145 1748 1566 1206 1490 1991 1895 1933 1163 1876 1601 1171 1150 1418 1289 1007 1218 1477 1816 BCNSPRNW ULIB Ver.6.0+V

เปลี่ยนเป็นภาษาไทย

Change to English
 แสดงรายละเอียดบรรณานุกรม
  กลับหน้าหลัก

Brief Record : Get Marc (ISO 2709) : E-mail record : QR code < ปิดหน้าต่าง
LEADER : 00000nam 2200000uu 4500
001    13399112789
003     ULIB
008    110908s2542||||th 000 0 tha d
020    9742687919
050  4 LB1555^bว549อ 2542
245 00 การสังเคราะห์งานวิจัยเกี่ยวกับการเรียนการสอนภาษาอังกฤษระดับประถมศึกษา :^bโครงการการศึกษาวิธีการเรียนและวิธีการสอนที่ส่งผลต่อกระบวนการเรียนที่ยั่งยืนของเด็กไทย /^cกองวิจัยทางการศึกษา กรมวิชาการ
246 30 โครงการการศึกษาวิธีการเรียนและวิธีการสอนที่ส่งผลต่อกระบวนการเรียนรู้ที่ยั่งยืนของเด็กไทย
250    พิมพ์ครั้งที่ 1
260    กรุงเทพฯ :^bกรม,^c2542
300    117 หน้า ;^c26 ซม.
440  0 เอกสารรายงานวิจัยทางการศึกษา ;^vอันดับที่ 244/2542
650  4 ภาษาอังกฤษ^xการศึกษาและการสอน (ประถมศึกษา)
650  4 วิจัย
650  4 โครงการการศึกษาวิธีการเรียนและวิธีการสอนที่ส่งผลต่อกระบวนการเรียนรู้ที่ยั่งยืนของเด็กไทย
710 2  กรมวิชาการ. ^bกองวิจัยทางการศึกษา
945    ^p0^l0^i012056
945    ^p0^l0^i012056
995    ทศพร
999 ^a ทศพร
รายการนี้ยังไม่มีแท็ก
คุณยังไม่ได้ล็อกอิน คุณสามารถมีกิจกรรมร่วมกับเว็บไซต์ได้ แต่ต้องล็อกอินก่อน ::
  ล็อกอิน

รายการสื่อสารสนเทศ

ลำดับที่ ประเภท เลขเรียก/บาร์โค้ด สถานที่ สถานะ
- ไม่พบข้อมูล -

รายการใกล้เคียง
    หัวเรื่อง [วิจัย]

BibComment


ยังไม่เคยถูกคอมเมนท์

คอมเมนท์ทรัพยากรรายการนี้
  คอมเมนท์: การสังเคราะห์งานว..


 Copyright 2026. Bcnsprnw @Library